| 000 | 00687nam a2200217Ii 4500 | ||
|---|---|---|---|
| 001 | 16423 | ||
| 003 | CO-ViMGA | ||
| 008 | 241108s9999||||xx |||||||||||||| ||und|| | ||
| 020 | _a9789588596259 | ||
| 040 |
_aCO-ViMGA _bspa _erda _cCO-ViMGA |
||
| 041 | 0 | _aunk | |
| 082 | 0 | 4 | _aCo861.5 J35t |
| 100 | 1 |
_aMyriam Jiménez Quenguan _956366 |
|
| 245 | 1 | 0 |
_aTransitar : _bantología personal |
| 264 | 1 | _a[Lugar de publicación no identificado] : Caza de Libros, [Fecha de publicación no identificada] | |
| 300 | _avolumen | ||
| 336 |
_atext _btxt _2rdacontent |
||
| 337 |
_aunmediated _bn _2rdamedia |
||
| 338 |
_avolume _bnc _2rdacarrier |
||
| 940 | _aidficha_siabuc: 16092. -- ficha_no_siabuc:16423 | ||
| 999 |
_c54305 _d54305 |
||